1992 1621 1306 1718 1530 1339 1061 1201 1308 1453 1088 1477 1596 1109 1927 1771 1369 1312 1513 1236 1033 1640 1345 1412 1342 1851 1501 1202 1137 1359 1542 1982 1522 1587 1325 1078 1398 1454 1558 1396 1732 1329 1575 1329 1843 1776 1819 1295 1051 1375 1705 1736 1171 1848 1055 1629 1491 1019 1490 1777 1037 1717 1310 1195 1895 1738 1024 1703 1663 1925 1794 1505 1512 1350 1874 1333 1680 1766 1062 1351 1533 1556 1563 1753 1809 1944 1231 1888 1975 1744 1365 1759 1127 1033 1486 1145 1474 1576 1960 BCNSPRNW ULIB Ver.6.0+V

เปลี่ยนเป็นภาษาไทย

Change to English
 แสดงรายละเอียดบรรณานุกรม
  กลับหน้าหลัก

Brief Record : Get Marc (ISO 2709) : E-mail record : QR code < ปิดหน้าต่าง
LEADER : 00000nam 2200000uu 4500
001    13399109993
003     ULIB
008    110419s1999||||th 000 0 eng d
020    9747898225
060 04 WF140^bP343B 1999
245 00 Battle against TB national tuberculosis programme Thailand,1999 /^cVallop Payanandana ... [et al.]
260    Bangkok :^bMinistry of Public Health,^c1999
300    78 p. ;^c26 cm.
650  2 Tuberculosis^xprevention & control^zThailand
700 0  Vallop Payanandana
710 2  Thailand. ^bMinistry of Public Health
945    ^p0^l0^i011477
945    ^p0^l0^i011478
995    Tossapron
999 ^a ใช้งานได้ทุกระบบ
รายการนี้ยังไม่มีแท็ก
คุณยังไม่ได้ล็อกอิน คุณสามารถมีกิจกรรมร่วมกับเว็บไซต์ได้ แต่ต้องล็อกอินก่อน ::
  ล็อกอิน

รายการสื่อสารสนเทศ

ลำดับที่ ประเภท เลขเรียก/บาร์โค้ด สถานที่ สถานะ
- ไม่พบข้อมูล -

BibComment


ยังไม่เคยถูกคอมเมนท์

คอมเมนท์ทรัพยากรรายการนี้
  คอมเมนท์: Battle against TB..


 Copyright 2026. Bcnsprnw @Library